[Event "Montreal CC-ch"]
[Site "Montreal"]
[Date "2016.06.12"]
[Round "4.7"]
[White "Lopez Linares, Lizandro Fernando"]
[Black "Nardone, Raul"]
[Result "1-0"]
[WhiteElo "2151"]
[BlackElo "1817"]
[PlyCount "61"]
[EventDate "2016.06.10"]
[EventType "swiss"]
[EventRounds "5"]
[EventCountry "CAN"]
[SourceTitle "EXT 2022"]
[Source "ChessBase"]
[SourceDate "2021.10.06"]
[SourceVersion "1"]
[SourceVersionDate "2021.10.06"]
[SourceQuality "1"]

1. d4 d5 2. c4 e6 3. Nc3 c6 4. cxd5 exd5 5. Qc2 Nf6 6. Bg5 Be7 7. e3 Nbd7 8. Bd3 0-0 9. Nf3 Re8 10. 0-0 Nf8 11. h3 Be6 12. Rab1 Qc8 13. Ne5 g6 14. Bxf6 Bxf6 15. f4 Bf5 16. Bxf5 gxf5 17. b4 Rd8 18. Rfc1 Ng6 19. Ne2 Be7 20. Ng3 f6 21. Nf3 a5 22. b5 Qe6 23. Qd3 Bb4 24. bxc6 bxc6 25. Nxf5 Rab8 26. Ng3 Qd6 27. Nh5 Rf8 28. Rc2 c5 29. dxc5 Bxc5 30. Rxb8 Rxb8 31. Qxd5+ 1-0